Sports Quiz

Random Sports or NCAA Quiz
Score 0/20 Timer 07:00
2 Plays Today
Hint Answer % Correct
Nickname (female)Cowgirls
80.8%
Team ColorOrange
76.8%
Nickname (male)Cowboys
72.6%
ConferenceBig 12
61.5%
CityStillwater
52.2%
No. of Women's Varsity Sports7
45.8%
Primary RivalOklahoma
45.3%
Team ColorBlack
45.1%
StateOklahoma
44.2%
No. of Men's Varsity Sports7
41.1%
Hint Answer % Correct
Famous Alum: RB Barry ____Sanders
38.5%
Primary RivalTexas Tech
28.2%
MascotPistol Pete
27.1%
Sport w/ most NCAA ChampionshipsWrestling (34)
26.5%
Basketball ArenaGallagher-Iba Arena
25.3%
Fight SongRide 'em Cowboys
24.3%
Baseball StadiumO'Brate Stadium
21.4%
Football StadiumBoone Pickens Stadium
21.1%
Athletic DirectorMike Holder
18.7%
MascotSpirit Rider
13.4%
Remove Ads.
Support Sporcle.
Get the best of Sporcle when you Go Orange. This ad-free experience offers more features, more stats, and more fun while also helping to support Sporcle. Thank you for becoming a member.

You're not logged in!

Compare scores with friends on all Sporcle quizzes.
OR
Log In

Show Comments

Extras

Top Quizzes Today


Score Distribution

Your Account Isn't Verified!

In order to create a playlist on Sporcle, you need to verify the email address you used during registration. Go to your Sporcle Settings to finish the process.

Report this User

Report this user for behavior that violates our Community Guidelines.

Details: